| 000 | 01071cam a22002771 4500 | ||
|---|---|---|---|
| 999 |
_c23205 _d23205 |
||
| 001 | 5920140 | ||
| 003 | OSt | ||
| 005 | 20200520101015.0 | ||
| 008 | 771216s1923 enk b 000 0 eng | ||
| 020 | _a9788130712529 | ||
| 040 | _coclc | ||
| 042 | _apremarc | ||
| 050 | 0 | 0 |
_aDK878 _b.G5 |
| 082 |
_a958.6 _bGIB/A |
||
| 100 |
_aGibb, H A R _q(Hamilton Alexander Rosskeen), _d1895-1971. _92213 |
||
| 245 | 1 | 4 |
_aThe Arab conquests in Central Asia / _c H. A. R. Gibb |
| 260 |
_aIndia: _bCosmo Publication, _c2012. |
||
| 300 |
_a102 p. _c25 cm. |
||
| 490 | 1 | _aJames G. Forlong fund, vol. II | |
| 500 | _a"The first draft of this work was presented to the University of London ... 1921, under the title of The Arab conquest of Transoxania, as a thesis for the degree of master of arts." | ||
| 504 | _a"Bibliography of chief works cited": p. 100-102. | ||
| 651 | 0 | _aIslamic Empire. | |
| 810 | 2 |
_aJames G. Forlong Fund. _tPublications ; _vv.2. |
|
| 906 |
_a7 _bcbc _coclcrpl _du _encip _f19 _gy-gencatlg |
||
| 942 |
_2ddc _cBK _h958.6 _iGIB/A _k958.6 _mGIB/A |
||